Sports Quiz

Random Sports or WWE Quiz

I Won a World Championship at SummerSlam Quiz Stats

 Plays Quiz Updated Sep 5, 2017

Score 0/15 Timer 02:00
12 Plays Today
Year and Opponent(s) New Champion % Correct
2019 (Scotiabank Arena, vs. Brock Lesnar) Seth Rollins
89.6%
2018 (Barclays Center, vs. Brock Lesnar)Roman Reigns
85.8%
2001 (Compaq Center, vs. Booker T)The Rock
85.6%
2004 (Air Canada Center, vs. Chris Benoit)Randy Orton
81.7%
2011 (Staples Center, vs. Christian)Randy Orton
81.7%
2013 (Staples Center, vs. Daniel Bryan)Randy Orton
81.7%
2009 (Staples Center, vs. Jeff Hardy)CM Punk
81.2%
2011 (Staples Center, vs. John Cena)CM Punk
81.2%
Year and Opponent(s) New Champion % Correct
2002 (Nassau Veterans Memorial Coliseum, vs. The Rock)Brock Lesnar
79.1%
2014 (Staples Center, vs. John Cena)Brock Lesnar
79.1%
2016 (Barclays Center, vs. Seth Rollins)Finn Bálor
71.5%
2013 (Staples Center, vs. John Cena)Daniel Bryan
71.2%
1999 (Target Center, vs. Stone Cold & Triple H)Mankind
63.1%
1997 (Continental Airlines Arena, vs. The Undertaker)Bret Hart
60.8%
2011 (Staples Center, vs. CM Punk)Alberto del Rio
57%

You're not logged in!

Compare scores with friends on all Sporcle quizzes.
OR
Log In

Show Comments

Extras

Top Quizzes Today


Score Distribution

Your Account Isn't Verified!

In order to create a playlist on Sporcle, you need to verify the email address you used during registration. Go to your Sporcle Settings to finish the process.

Report this User

Report this user for behavior that violates our Community Guidelines.

Details: